[Event "Torino Sada op"]
[Site "Torino"]
[Date "2011.10.10"]
[Round "4"]
[White "Cimpoesu, Florin"]
[Black "Magnifico, Giuseppe"]
[Result "0-1"]
[WhiteElo "1419"]
[BlackElo "2021"]
[PlyCount "51"]
[EventDate "2011.09.19"]
[EventType "swiss"]
[EventRounds "7"]
[EventCountry "ITA"]
[SourceTitle "EXT 2018"]
[Source "ChessBase"]
[SourceDate "2017.10.13"]
[SourceVersion "1"]
[SourceVersionDate "2017.10.13"]
[SourceQuality "1"]

1. Nf3 Nf6 2. c4 e6 3. Nc3 d5 4. e3 c6 5. Bd3 Nbd7 6. Nd4 e5 7. Nde2 e4 8. Bc2 Nc5 9. Nf4 dxc4 10. 0-0 Nd3 11. Nxd3 exd3 12. Bb1 Bd6 13. b3 cxb3 14. axb3 0-0 15. Bxd3 Bxh2+ 16. Kxh2 Ng4+ 17. Kg1 Qh4 18. Qxg4 Bxg4 19. Ra4 Qh5 20. Ne2 Bxe2 21. Bxe2 Qxe2 22. Rh4 Qd3 23. b4 a5 24. g3 axb4 25. Rxb4 b5 26. Ra4 0-1